| 000 | 00656cab a2200193 4500 | ||
|---|---|---|---|
| 001 | ABS41454 | ||
| 008 | 090401t1989 xxu||||| |||| 00| 0 eng d | ||
| 035 | _a(Sirsi) u30275 | ||
| 041 | _aeng | ||
| 100 | _aWaples, J. | ||
| 245 | _aShape of things to come | ||
| 260 | _c1989 | ||
| 350 | _a0 | ||
| 490 |
_aEstates Times _v(1013) 22 September 1989, 27(1) |
||
| 520 | _aReviews plans by the Marriott Corporation to expand its hotel chain in Britain. The group aims to make its impact on the mid-price hotel market. Its first scheme is planned for Turnford in Hertfordshire. | ||
| 690 | _aPROPERTY LAW AND PRACTICE | ||
| 942 | _n0 | ||
| 948 | _c04/03/1997 | ||
| 999 |
_c20399 _d20399 |
||